[Event "SRB-chT2 East CS"]
[Site "Serbia"]
[Date "2011.10.13"]
[Round "6.43"]
[White "Vlajic, Sasa"]
[Black "Pantic, Milivoje"]
[Result "1/2-1/2"]
[WhiteElo "2182"]
[BlackElo "2149"]
[PlyCount "72"]
[EventDate "2011.09.11"]
[EventType "team"]
[EventRounds "11"]
[EventCountry "SRB"]
[SourceTitle "EXT 2015"]
[Source "ChessBase"]
[SourceDate "2014.11.20"]
[SourceVersion "1"]
[SourceVersionDate "2014.11.20"]
[SourceQuality "1"]

1. Nf3 Nf6 2. g3 b6 3. Bg2 Bb7 4. 0-0 c5 5. d4 g6 6. c4 cxd4 7. Qxd4 Bg7 8. Nc3 0-0 9. Qh4 d6 10. Bh6 Nbd7 11. Rac1 Rc8 12. Bxg7 Kxg7 13. Rfd1 h6 14. Qf4 a6 15. b3 Rc5 16. e4 b5 17. cxb5 axb5 18. b4 Rc4 19. Nd2 Rxb4 20. a3 Rb2 21. Rb1 Rxb1 22. Rxb1 Qa5 23. Nxb5 Ba6 24. Nc4 Qa4 25. Rb4 Qd1+ 26. Bf1 Bxb5 27. Rxb5 Rc8 28. Kg2 Qd4 29. e5 dxe5 30. Nxe5 Qd6 31. Nxd7 Qxd7 32. a4 Rc3 33. Be2 Ra3 34. Bf3 g5 35. Qb4 Qd6 36. Be2 Qc6+ 1/2-1/2

[Event "SRB-chT2 East"]
[Site "Serbia"]
[Date "2010.09.19"]
[Round "2"]
[White "Manic, Jovica"]
[Black "Pantic, Milivoje"]
[Result "1/2-1/2"]
[WhiteElo "2244"]
[BlackElo "2166"]
[PlyCount "27"]
[EventDate "2010.09.11"]
[EventType "team"]
[EventRounds "11"]
[EventCountry "SRB"]
[SourceTitle "EXT 2012"]
[Source "ChessBase"]
[SourceDate "2011.11.24"]
[SourceVersion "1"]
[SourceVersionDate "2011.11.24"]
[SourceQuality "1"]

1. Nf3 Nf6 2. d4 b6 3. Bf4 Bb7 4. Nbd2 c5 5. e3 g6 6. h3 Bg7 7. Bd3 d6 8. 0-0 Nbd7 9. Qe2 0-0 10. c3 Rc8 11. Bh2 Rc7 12. a4 a5 13. Nc4 Qa8 14. Na3 1/2-1/2

[Event "SRB-chT2 East"]
[Site "Pozarevac"]
[Date "2009.10.10"]
[Round "10.6"]
[White "Cvetanovic, Uros"]
[Black "Pantic, Milivoje"]
[Result "1-0"]
[WhiteElo "2164"]
[BlackElo "2170"]
[PlyCount "118"]
[EventDate "2009.09.06"]
[EventType "team"]
[EventRounds "11"]
[EventCountry "SRB"]
[SourceTitle "EXT 2012"]
[Source "ChessBase"]
[SourceDate "2011.11.24"]
[SourceVersion "1"]
[SourceVersionDate "2011.11.24"]
[SourceQuality "1"]

1. Nc3 e5 2. Nf3 Nc6 3. d4 exd4 4. Nxd4 Nf6 5. Bg5 Bb4 6. Nxc6 bxc6 7. Qd4 Be7 8. e4 0-0 9. Bd3 c5 10. Qc4 Re8 11. 0-0 h6 12. Bh4 Rb8 13. a3 d6 14. Rab1 Rb6 15. e5 dxe5 16. Bxf6 Rxf6 17. Qe4 g6 18. Qxe5 Bf8 19. Qg3 Bb7 20. Rfe1 Rfe6 21. Rxe6 Rxe6 22. Bc4 Rb6 23. Rd1 Qg5 24. Qxg5 hxg5 25. b3 Rd6 26. Re1 Bc6 27. Bd3 Rd8 28. Re5 c4 29. Bxc4 Bxa3 30. Rxg5 Kg7 31. Bd5 Bd7 32. Rg3 Bf5 33. Rf3 Bb4 34. Bc4 Bxc2 35. Rxf7+ Kh6 36. Nd5 c6 37. Ne3 Bc5 38. Rf3 Be4 39. Rf4 Bd3 40. Nf1 Bxc4 41. Rxc4 Bb6 42. Rxc6 Rd1 43. Rc3 Rb1 44. Rf3 g5 45. h3 Kg6 46. g3 g4 47. hxg4 Kg5 48. Kg2 Kxg4 49. Rf4+ Kg5 50. Nd2 Rb2 51. Nf3+ Kh6 52. Nd4 Bxd4 53. Rxd4 Rxb3 54. Ra4 Rb7 55. Ra5 Kg6 56. f4 Kf6 57. Kf3 Ke6 58. g4 Kd6 59. g5 Kc6 1-0

[Event "SRB-chT2 East"]
[Site "Golubac"]
[Date "2008.10.16"]
[Round "6.5"]
[White "Tosic, Branislav"]
[Black "Pantic, Milivoje"]
[Result "1/2-1/2"]
[WhiteElo "2194"]
[BlackElo "2172"]
[PlyCount "30"]
[EventDate "2008.09.14"]
[EventType "team"]
[EventRounds "11"]
[EventCountry "SRB"]
[SourceTitle "EXT 2012"]
[Source "ChessBase"]
[SourceDate "2011.11.24"]
[SourceVersion "1"]
[SourceVersionDate "2011.11.24"]
[SourceQuality "1"]

1. d4 Nf6 2. Nf3 e6 3. c4 b6 4. g3 Ba6 5. b3 Bb7 6. Bg2 Bb4+ 7. Bd2 a5 8. 0-0 0-0 9. Bf4 Be7 10. Nc3 Ne4 11. Qd3 Nxc3 12. Qxc3 Qc8 13. Rfd1 Ra7 14. d5 Bf6 15. Be5 Bxe5 1/2-1/2

[Event "Belgrade Spring op"]
[Site "Belgrade"]
[Date "2008.03.30"]
[Round "6"]
[White "Pantic, Milivoje"]
[Black "Jovanovic, Nebojsa M"]
[Result "0-1"]
[WhiteElo "2172"]
[BlackElo "1895"]
[PlyCount "74"]
[EventDate "2008.03.25"]
[EventType "swiss"]
[EventRounds "9"]
[EventCountry "YUG"]
[SourceTitle "CBM 123 Extra"]
[Source "ChessBase"]
[SourceDate "2008.05.06"]
[SourceVersion "1"]
[SourceVersionDate "2008.05.06"]
[SourceQuality "1"]

1. c4 e5 2. e3 Nf6 3. d4 Nc6 4. d5 Bb4+ 5. Nc3 Ne7 6. a3 Bd6 7. b4 e4 8. Ra2 Be5 9. Rc2 d6 10. h3 Nf5 11. g4 Nh4 12. Nce2 g5 13. Ng3 Bd7 14. Bb2 Ba4 15. Bxe5 dxe5 16. Be2 Qd7 17. Qb1 Bxc2 18. Qxc2 c6 19. Nxe4 Nxe4 20. Qxe4 0-0-0 21. Qxe5 h6 22. Qd4 Kb8 23. e4 cxd5 24. cxd5 Rc8 25. Bd1 Rhe8 26. f3 Rc1 27. Rh2 f5 28. Kd2 Rcc8 29. gxf5 Qd6 30. Qf2 Qe5 31. Ke1 Nxf5 32. Ne2 Nh4 33. Kf1 Nxf3 34. Rg2 Qa1 35. Qg3+ Ka8 36. Kf2 Qxd1 37. Kxf3 Rc3+ 0-1

[Event "Belgrade Trophy 20th"]
[Site "Belgrade"]
[Date "2007.11.30"]
[Round "9"]
[White "Momirovic, Milan"]
[Black "Pantic, Milivoje"]
[Result "1-0"]
[WhiteElo "1840"]
[BlackElo "2167"]
[PlyCount "65"]
[EventDate "2007.11.22"]
[EventType "swiss"]
[EventRounds "9"]
[EventCountry "YUG"]
[SourceTitle "CBM 121 Extra"]
[Source "ChessBase"]
[SourceDate "2008.01.10"]
[SourceVersion "1"]
[SourceVersionDate "2008.01.10"]
[SourceQuality "1"]

1. d4 f5 2. f4 Nf6 3. Nf3 e6 4. e3 d5 5. Bd3 Bd6 6. Nbd2 c6 7. b3 0-0 8. a4 Qe7 9. Qe2 Ne4 10. Bxe4 fxe4 11. Ne5 Nd7 12. Bb2 Nxe5 13. dxe5 Bc7 14. a5 Qc5 15. c3 a6 16. 0-0 b6 17. Ba3 Qb5 18. c4 dxc4 19. bxc4 Qa4 20. Bxf8 Qc2 21. Rfc1 Qd3 22. Qxd3 exd3 23. Bb4 c5 24. Bc3 Bb7 25. axb6 Bb8 26. Ra3 Kf7 27. Ba5 Kg6 28. Rxd3 Bc8 29. Rd8 Bb7 30. Nb3 Kf5 31. Nxc5 Bc6 32. Rcd1 Be4 33. Nd7 1-0

[Event "Belgrade Trophy 20th"]
[Site "Belgrade"]
[Date "2007.11.28"]
[Round "7"]
[White "Pantic, Milivoje"]
[Black "Zarkovic, Mila"]
[Result "0-1"]
[WhiteElo "2167"]
[BlackElo "1824"]
[PlyCount "90"]
[EventDate "2007.11.22"]
[EventType "swiss"]
[EventRounds "9"]
[EventCountry "YUG"]
[SourceTitle "CBM 121 Extra"]
[Source "ChessBase"]
[SourceDate "2008.01.10"]
[SourceVersion "1"]
[SourceVersionDate "2008.01.10"]
[SourceQuality "1"]

1. c4 c5 2. Nc3 Nc6 3. Nf3 Nf6 4. e4 d6 5. Be2 e6 6. d4 cxd4 7. Nxd4 Be7 8. 0-0 0-0 9. Be3 a6 10. a3 Qc7 11. b4 b6 12. Rc1 Ne5 13. Na4 Ned7 14. f3 Bb7 15. Bd3 Rac8 16. Qd2 Ba8 17. Qf2 Rb8 18. Nc3 Rfc8 19. Na4 Ne5 20. Be2 Nfd7 21. f4 Nc6 22. Nc3 Bf6 23. Rfd1 Rd8 24. g4 Nxd4 25. Bxd4 Bxd4 26. Qxd4 Nf8 27. Qe3 Ng6 28. Rf1 Rbc8 29. Qg3 e5 30. f5 Nf4 31. Rxf4 exf4 32. Qxf4 Qe7 33. Qe3 Re8 34. Bd3 Qe5 35. Rc2 b5 36. Nd5 bxc4 37. Bxc4 Bxd5 38. Qe2 Rxc4 39. Rxc4 Bxc4 40. Qxc4 Qe7 41. Qxa6 Qg5 42. Kf2 Qf4+ 43. Kg2 Qxe4+ 44. Kg3 Qe3+ 45. Kh4 Re4 0-1

[Event "Belgrade Trophy 20th"]
[Site "Belgrade"]
[Date "2007.11.23"]
[Round "2"]
[White "Nesovanovic, Miroslav"]
[Black "Pantic, Milivoje"]
[Result "1-0"]
[WhiteElo "1985"]
[BlackElo "2167"]
[PlyCount "91"]
[EventDate "2007.11.22"]
[EventType "swiss"]
[EventRounds "9"]
[EventCountry "YUG"]
[SourceTitle "CBM 121 Extra"]
[Source "ChessBase"]
[SourceDate "2008.01.10"]
[SourceVersion "1"]
[SourceVersionDate "2008.01.10"]
[SourceQuality "1"]

1. e4 e5 2. Nf3 d6 3. d4 Nd7 4. c4 c6 5. Nc3 Be7 6. d5 a6 7. Be3 c5 8. Qd2 Ngf6 9. h3 0-0 10. g4 Nb6 11. a4 Rb8 12. Bd3 Ne8 13. Nh2 Nc7 14. Nf1 Bh4 15. Ng3 Bxg3 16. fxg3 f6 17. Qe2 Qd7 18. b3 a5 19. Kd2 g5 20. Raf1 Ne8 21. Rf3 h6 22. Rhf1 Qg7 23. Nb5 Nd7 24. Qg2 b6 25. Kc2 Rb7 26. Kb2 Nb8 27. R3f2 Rff7 28. Be2 Na6 29. h4 Nb4 30. Rh1 Qg6 31. Bd2 Na6 32. Qf3 Rh7 33. Rhh2 Rhf7 34. Na3 Nb8 35. Nc2 Nd7 36. Ne3 Nf8 37. Nf5 Bxf5 38. gxf5 Qg7 39. Rh3 Nd7 40. Rfh2 Qf8 41. Qh1 Qe7 42. Bh5 Rg7 43. g4 Nf8 44. hxg5 hxg5 45. Bg6 Nxg6 46. fxg6 1-0

[Event "SRB-chT2 East"]
[Site "Serbia"]
[Date "2007.09.16"]
[Round "2.3"]
[White "Bojovic, Dusan"]
[Black "Pantic, Milivoje"]
[Result "1/2-1/2"]
[WhiteElo "2222"]
[BlackElo "2161"]
[PlyCount "69"]
[EventDate "2007.09.09"]
[EventType "team"]
[EventRounds "11"]
[EventCountry "SRB"]
[SourceTitle "EXT 2012"]
[Source "ChessBase"]
[SourceDate "2011.11.24"]
[SourceVersion "1"]
[SourceVersionDate "2011.11.24"]
[SourceQuality "1"]
[WhiteTeam "Jastrebac Blace"]
[BlackTeam "Prokuplje Toplicanin"]
[WhiteTeamCountry "SRB"]
[BlackTeamCountry "SRB"]

1. e4 e5 2. Nf3 Nc6 3. d4 exd4 4. Nxd4 Bb4+ 5. c3 Be7 6. Be3 Nf6 7. Nd2 0-0 8. Qc2 d5 9. Nxc6 bxc6 10. Bd3 dxe4 11. Nxe4 Nd5 12. Bd2 f5 13. Ng3 Bg5 14. 0-0-0 Bxd2+ 15. Qxd2 Qh4 16. Bc2 Nf4 17. Ne2 Nxe2+ 18. Qxe2 Qh6+ 19. Qd2 Qxd2+ 20. Rxd2 Be6 21. Re1 Kf7 22. Rde2 Rfe8 23. Rxe6 Rxe6 24. Bb3 Rae8 25. Kc2 Kf6 26. Rxe6+ Rxe6 27. Bxe6 Kxe6 28. Kb3 Kd5 29. Kb4 Ke4 30. Kc4 g5 31. Kc5 Kd3 32. Kxc6 Ke2 33. f3 Kf2 34. a4 Kxg2 35. a5 1/2-1/2

[Event "SRB-chT2 East"]
[Site "Serbia"]
[Date "2006.10.27"]
[Round "8.5"]
[White "Pantic, Milivoje"]
[Black "Rapport, Jovana"]
[Result "1/2-1/2"]
[WhiteElo "2179"]
[BlackElo "2132"]
[PlyCount "42"]
[EventDate "2006.09.09"]
[EventType "team"]
[EventRounds "11"]
[EventCountry "SRB"]
[SourceTitle "EXT 2012"]
[Source "ChessBase"]
[SourceDate "2011.11.24"]
[SourceVersion "1"]
[SourceVersionDate "2011.11.24"]
[SourceQuality "1"]

1. d4 d5 2. Nf3 Nc6 3. e3 Bg4 4. h3 Bxf3 5. Qxf3 e5 6. Bb5 e4 7. Qd1 Nf6 8. c4 a6 9. Bxc6+ bxc6 10. Qa4 Qd7 11. c5 Be7 12. Nd2 0-0 13. Nb3 Rfb8 14. Na5 Rb5 15. b4 Kh8 16. Bd2 Ng8 17. Qd1 Qe6 18. Qe2 f5 19. 0-0-0 Bf6 20. a3 Ne7 21. Rdg1 Rbb8 1/2-1/2

[Event "SRB-chT2 East"]
[Site "Serbia"]
[Date "2006.09.17"]
[Round "1.2"]
[White "Ilic, Slobodan S"]
[Black "Pantic, Milivoje"]
[Result "1/2-1/2"]
[WhiteElo "2225"]
[BlackElo "2179"]
[PlyCount "40"]
[EventDate "2006.09.09"]
[EventType "team"]
[EventRounds "11"]
[EventCountry "SRB"]
[SourceTitle "EXT 2012"]
[Source "ChessBase"]
[SourceDate "2011.11.24"]
[SourceVersion "1"]
[SourceVersionDate "2011.11.24"]
[SourceQuality "1"]

1. e4 e5 2. Nf3 Nc6 3. Bb5 Nf6 4. d3 d6 5. h3 Be7 6. 0-0 0-0 7. c3 Bd7 8. Re1 Re8 9. Nbd2 Bf8 10. Nf1 Ne7 11. Bc4 Be6 12. Bxe6 fxe6 13. Qb3 Qc8 14. d4 Ng6 15. Ng3 h6 16. Be3 c5 17. dxc5 dxc5 18. Qc4 Qc6 19. a4 a6 20. a5 Qb5 1/2-1/2

[Event "SRB-chT2 East"]
[Site "Serbia"]
[Date "2006.09.16"]
[Round "2.2"]
[White "Pantic, Milivoje"]
[Black "Jonic, Vladimir"]
[Result "0-1"]
[WhiteElo "2179"]
[BlackElo "2168"]
[PlyCount "64"]
[EventDate "2006.09.09"]
[EventType "team"]
[EventRounds "11"]
[EventCountry "SRB"]
[SourceTitle "EXT 2012"]
[Source "ChessBase"]
[SourceDate "2011.11.24"]
[SourceVersion "1"]
[SourceVersionDate "2011.11.24"]
[SourceQuality "1"]

1. d4 Nf6 2. c4 g6 3. Nc3 Bg7 4. e4 d6 5. Be2 0-0 6. Nf3 e5 7. 0-0 Nc6 8. Be3 Ng4 9. Bg5 f6 10. Bc1 Nh6 11. d5 Ne7 12. b4 a5 13. bxa5 Rxa5 14. a4 Nf7 15. Ba3 f5 16. Bb4 Ra8 17. Nd2 fxe4 18. Ndxe4 Nf5 19. c5 Ng5 20. Re1 Rf7 21. Bf1 dxc5 22. Bxc5 Nd6 23. Bxd6 cxd6 24. Nxg5 Qxg5 25. Ne4 Qe7 26. Qb3 Bf5 27. Qb4 Bxe4 28. Rxe4 Raf8 29. Ra2 Rf4 30. g3 Rxe4 31. Qxe4 Qd7 32. Qb4 Ra8 0-1